Yugoslavia / (Record no. 27027)

MARC details
000 -LEADER
campo de control de longitud fija 00522nam a2200181 i 4500
001 - NÚMERO DE CONTROL
campo de control 27027
003 - IDENTIFICADOR DE NÚMERO DE CONTROL
campo de control ES-MaACL
005 - FECHA Y HORA DE LA ÚLTIMA TRANSACCIÓN
campo de control 20230906153538.0
007 - CAMPO FIJO DE DESCRIPCIÓN FÍSICA--INFORMACIÓN GENERAL
campo de control de longitud fija t|
008 - DATOS DE LONGITUD FIJA--INFORMACIÓN GENERAL
campo de control de longitud fija 030113s1966 sp ||||1| spa d
100 1# - ENTRADA PRINCIPAL--NOMBRE DE PERSONA
Nombre de persona Auty, Phyllis.
9 (RLIN) 23981
245 10 - MENCIÓN DEL TÍTULO
Título Yugoslavia /
Mención de responsabilidad, etc. Phyllis Auty ; [traducción de Maite Villar Ortiz de Urbina].
250 ## - MENCION DE EDICION
Mención de edición [1ª ed.].
260 ## - PUBLICACIÓN, DISTRIBUCIÓN, ETC.
Lugar de publicación, distribución, etc. Madrid :
Nombre del editor, distribuidor, etc. Cid,
Fecha de publicación, distribución, etc. [1966]
300 ## - DESCRIPCIÓN FÍSICA
Extensión 188 p. ;
Dimensiones 23 cm.
700 1# - ENTRADA AGREGADA--NOMBRE PERSONAL
Nombre de persona Villa Ortiz de Urbina, Maite.
9 (RLIN) 114888
852 ## - LOCALIZACIÓN
Ubicación ES-MaACL
Número de control de estantería C-30936
Sublocalización o colección R.61560
Holdings
Estatus retirado Estado de pérdida Estado de daño No para préstamo Biblioteca de origen Biblioteca actual Ubicación en estantería Fecha de adquisición Fuente de adquisición Total de préstamos Signatura topográfica completa Código de barras Visto por última vez Precio de reemplazo Tipo de ítem Koha
        Biblioteca del Ateneo de Madrid Biblioteca del Ateneo de Madrid Depósito 2 17/01/2008     C-30936 1027896 23/02/2023 23/02/2023 Libro impreso